000 00472nam a2200157Ia 4500
008 220216s9999 xx 000 0 und d
100 _aBabatunde G M
_cet al
245 0 _aComparative utilization of rubber seed oil and palm oil by broilers in a humid tropical environment
260 _bAnimal Feed science and Technology
_c1993
300 _a177-188
500 _aSource Year: 1994
650 _aPalm oil
650 _aRubber seed oil
856 _uATA
942 _cJS
999 _c55976
_d55976